Because It Gives Me Peace of Mind (Record no. 12336)

MARC details
000 -LEADER
fixed length control field 00683nam a2200253 a 4500
020 ## - INTERNATIONAL STANDARD BOOK NUMBER
ISBN 0791483
082 00 - DEWEY DECIMAL CLASSIFICATION NUMBER
Classification number 294.544 6
Author Cutter PEA
100 ## - MAIN ENTRY--AUTHOR NAME
Author name Pearson, Anne Mackenzie
245 ## - TITLE STATEMENT
Title Because It Gives Me Peace of Mind
260 ## - PUBLICATION, DISTRIBUTION, ETC. (IMPRINT)
Place of publication Albany
Name of publisher State University of New York
Year of publication 1996
300 ## - PHYSICAL DESCRIPTION
Number of Pages 315p
500 ## - GENERAL NOTE
General note includes index and biblioraphy
505 2# - FORMATTED CONTENTS NOTE
Formatted contents note Notes, Glossary, Bibliography, Index
650 ## - SUBJECT ADDED ENTRY--TOPICAL TERM
Topical Term Women in Hinduism
650 ## - SUBJECT ADDED ENTRY--TOPICAL TERM
Topical Term Varatas
942 ## - ADDED ENTRY ELEMENTS (KOHA)
Koha item type Books
700 1# -
-- Pearson, Anne Mackenzie
Holdings
Collection code Home library Current library Date acquired Cost, normal purchase price Full call number Accession Number Koha item type
  Henry Martyn Institute Library Henry Martyn Institute Library 07/25/2007 564.00 294.544 6 PEA 018968 Books
                   Copyright © 2026 | Henry Martyn Institute | Hyderabad | TS-500052 | INDIA | Implemented by hmi.edu.in
Hit-Count:

Powered by Koha